Los Estados Unidos y América Latina / (Record no. 4048)

000 -CABECERA
fixed length control field 00971nam a22002297a 4500
003 - IDENTIFICADOR DEL NÚMERO DE CONTROL
control field AR-CdUCM
008 - DATOS DE LONGITUD FIJA--INFORMACIÓN GENERAL
fixed length control field 190307b ||||| |||| 00| 0 spa d
040 ## - FUENTE DE LA CATALOGACIÓN
Agencia/entidad que catalogó originalmente la obra MUNICIPALIDAD PROVINCIAL DEL CUSCO
Entidad que transcribió la catalogación BIBLIOTECA MUNICIPAL DEL CUSCO
082 ## - NÚMERO DE LA CLASIFICACIÓN DECIMAL DEWEY
No. de Clasificación 327.73 /
Notacion interna M28
100 ## - ENTRADA PRINCIPAL--NOMBRE DE PERSONA
Nombre Personal Matthews, Herbert L
245 ## - MENCIÓN DE TÍTULO
Título Los Estados Unidos y América Latina /
260 ## - PUBLICACIÓN, DISTRIBUCIÓN, ETC.
Lugar de publicación, distribución, etc. Mexico :
Nombre de la editorial, distribuidor, etc. Grijalbo,
Fecha de publicación, distribución, etc. 1967.
300 ## - DESCRIPCIÓN FÍSICA
Nº de Páginas Extensión 159 pagina ;
Dimensiones 17 cm.
440 ## - MENCIÓN DE SERIE/PUNTO DE ACCESO ADICIONAL--TÍTULO
Título Colección 70.
Número de la parte/sección de una obra 7
9 (RLIN) 12885
505 ## - NOTA DE CONTENIDO CON FORMATO
Nota de contenido formateada Contenido : Las relaciones diplomáticas de los Estados Unidos con América Latina -- El panamericanismo y los Estados Unidos -- La guerra fría en el hemisferio occidental ...
650 ## - PUNTO DE ACCESO ADICIONAL DE MATERIA--TÉRMINO DE MATERIA
Descriptor Las relaciones diplomáticas de los Estados con América Latina
9 (RLIN) 12886
650 ## - PUNTO DE ACCESO ADICIONAL DE MATERIA--TÉRMINO DE MATERIA
Descriptor Las transformaciones políticas en América Latina
9 (RLIN) 12887
650 ## - PUNTO DE ACCESO ADICIONAL DE MATERIA--TÉRMINO DE MATERIA
Descriptor Relaciones diplomáticas en América Latina
9 (RLIN) 12888
700 ## - PUNTO DE ACCESO ADICIONAL--NOMBRE DE PERSONA
Nombre Personal Silvert, K. H
9 (RLIN) 12889
942 ## - ELEMENTOS DE PUNTO DE ACCESO ADICIONAL (KOHA)
Fuente de clasificación
Tipo de item Libros-BMC
945 ## - PROCESAMIENTO DE INFORMACIÓN LOCAL (OCLC)
Catalogador rah
Holdings
Estado de retiro (separado) Fuente de clasificación o esquema de estanterías Estado dañado Ubicación Sala donde se ubica Nombre de la colección Fecha de adquisición o compra Costo, precio normal en soles Signatura topográfica Código de Barras Última vez visto (Koha) Tipo de ítem (Koha)
No     Sala Humanidades Sala Humanidades Book Cart 2019-03-07 15.00 327.73 / M28 SH0000004590 2019-03-07 Libros-BMC

Powered by Koha